Węże polski - Statystyki

Ogólne statystyki
  • Ten quiz został rozwiązany 18 razy
  • Średni wynik to 3 z 5
Statystyki odpowiedzi
Obrazkowy Odpowiedź % Poprawnych
żmija zygzakowata
92%
zaskroniec zwyczajny
77%
gniewosz plamisty
69%
wąż eskulapa
69%
zaskroniec rybołów
23%
Nie znaleziono quizów pasujących do podanych kryteriów
Rozkład punktacji
Procent ludzi z każdym wynikiem
Percentyl według liczby udzielonych odpowiedzi
Twoja historia wyników
Nie rozwiązałeś tego quizu